000 00228nam a22000857a 4500
008 160704b xxu||||| |||| 00| 0 eng d
100 _92064
_a Awasthy, R
245 _aStories of Valour
260 _aNew Delhi
_bNational Book Trust
_c1972
999 _c1761
_d1761